[Event "Rio Clao IRT Interior op"]
[Site "Rio Claro"]
[Date "2012.11.03"]
[Round "3"]
[White "Teodoro, Reginaldo Eugenio R"]
[Black "Pastana, Rafael Pedroni"]
[Result "1-0"]
[WhiteElo "1800"]
[BlackElo "1717"]
[PlyCount "95"]
[EventDate "2012.11.02"]
[EventType "swiss"]
[EventRounds "6"]
[EventCountry "BRA"]
[SourceTitle "CBM 151 Extra"]
[Source "ChessBase"]
[SourceDate "2012.12.18"]
[SourceVersion "1"]
[SourceVersionDate "2012.12.18"]
[SourceQuality "1"]

1. d4 Nf6 2. c4 e6 3. Nc3 d5 4. Bg5 Be7 5. cxd5 exd5 6. e3 c6 7. Qc2 0-0 8. Bd3 h6 9. Bh4 Nbd7 10. Nf3 Re8 11. 0-0 Ne4 12. Bxe7 Qxe7 13. Nd2 Ndf6 14. Rfe1 Nxd2 15. Qxd2 Ne4 16. Qc2 f5 17. Rab1 Qg5 18. b4 h5 19. Nd1 h4 20. f3 Nd6 21. Qc5 Re6 22. Nf2 Nf7 23. Nh3 Qf6 24. Nf4 Re8 25. b5 g5 26. Nh3 f4 27. e4 Bxh3 28. gxh3 Qe6 29. Kg2 dxe4 30. Bc4 exf3+ 31. Kf2 Qg6 32. Kxf3 Rac8 33. bxc6 Rxe1 34. Rxe1 Qxc6+ 35. Qxc6 Rxc6 36. Bb3 Kf8 37. Kg4 Rd6 38. d5 b5 39. Re6 Rxe6 40. dxe6 Ne5+ 41. Kxg5 f3 42. Bd1 f2 43. Be2 Nf3+ 44. Kf6 a6 45. e7+ Ke8 46. a3 Kd7 47. Bd3 Nd4 48. Kf7 1-0